Vegatarian cookbook

Bibliographic Details
Format: Book
Published: London : Hamlyn , 1997
Subjects:

MARC

LEADER 00000cam a2200000 7i4500
001 0000027519
002 000029717
005 20000330.0
020 |a 1851529136 
090 0 0 |a 641.65   |b VEG 
245 0 0 |a Vegatarian cookbook 
260 |a London :   |b Hamlyn ,   |c 1997 
300 |a p.v :   |b ill ;   |c 30cm. 
650 0 0 |a Cookery (Vegetables) 
650 0 0 |a Vegetarian cookery 
999 |a 082088   |b BUKU   |c PINJAMAN   |e PERPUSTAKAAN KOMUNITI PETALING JAYA